000 00336nam a22001337a 4500
005 20250901165819.0
008 250409b |||||||| |||| 00| 0 eng d
020 _a9789966478658
050 _aPL8704.N48 2015
245 _aKACHUMA NA KAZIBO
_cNGUGI PATRICK
260 _aNAIROBI
_bPHOENIX PUBLISHERS
_c2015
300 _a116
942 _2lcc
999 _c9568
_d9568